| 000 | 00815nam a2200217Ia 4500 | ||
|---|---|---|---|
| 003 | GCL | ||
| 008 | 140319s9999 xx 000 0 ara d | ||
| 040 |
_aGCL / _cGCL |
||
| 082 | 0 | 4 |
_aد _b050 _bم م |
| 245 | 1 | 0 | _aالمستقبل العربى ( اكتوبر 2005 ) |
| 250 | _aالاولى | ||
| 260 |
_aبيروت : _bمركز دراسات الوحدة العربية ، _c2005 |
||
| 650 | 0 | 4 | _aحقوق الانسان |
| 650 | 0 | 4 | _aالانتخابات المحلية |
| 650 | 0 | 4 | _aمجلس التعاون الخليجى |
| 650 | 0 | 4 | _aلبنان - العلاقات الاقتصادية |
| 650 | 0 | 4 | _aالولايات المتحدة الامريكية - الاحزاب السياسية |
| 650 | 0 | 4 | _aالانتخابات الرئاسية |
| 650 | 0 | 4 | _aالديمقراطية - لبنان |
| 942 |
_2ddc _cCR |
||
| 999 |
_c7604 _d7604 |
||